| Поле | Инд. | ПП | Название | Значение |
|---|---|---|---|---|
| Тип записи | a | |||
| Библиографический уровень | m | |||
| 001 | _ | Контрольный номер | RU-LAN-BOOK-343349 | |
| 005 | Дата корректировки | 20250915104046.3 | ||
| 008 | Кодируемые данные | 230721s2023 RU y f j 000 1 rus u | ||
| 020 | a | ISBN | 978-985-516-741-0 | |
| 040 | c | Служба, преобразующая запись | Издательство Лань | |
| 041 | a | Код языка текста | rus | |
| 044 | a | Код страны публикации | RU | |
| 080 | a | Индекс УДК | 615.8(075.8) | |
| 084 | 2 | Источник индекса | rubbk | |
| a | Индекс другой классификации/Индекс ББК | 75.0 | ||
| 100 | 1_ | a | Автор | Маринич Т. В. |
| 245 | a | Заглавие | Врачебно-педагогический контроль в физической культуре и спорте | |
| b | Продолж. заглавия | учеб.-методич. пособие | ||
| h | Физич. носитель | Электронный ресурс | ||
| c | Ответственность | Маринич Т. В. | ||
| 260 | a | Место издания | Пинск | |
| b | Издательство | ПолесГУ | ||
| c | Дата издания | 2023 | ||
| d | Пинск | |||
| 300 | a | Объем | 69 с. | |
| 520 | a | Аннотация | Пособие предназначено для студентов I ступени высшего образования специальностей 6-05-1012-01 «Физическая культура», 6-05-1012-03 «Физическая реабилитация и эрготерапия», 6-05-1012-02 «Тренерская деятельность (с указанием вида спорта)»; для студентов II ступени высшего образования специальности 6-05-1012-03 «Физическая культура и спорт». Рекомендовано к использованию в преподавании дисциплин «Теория и организация лечебной физической культуры», «Лечебная физическая культура», «Лечебная физическая культура при заболеваниях и травмах», «Спортивная медицина», «Организация врачебно-педагогических наблюдений в физической культуре и спорте». Учебно-методическое пособие содержит сведения об особенностях наблюдения за лицами, занимающимися физической культурой и спортом, учитывая современные принципы организации врачебного контроля. | |
| 521 | a | Примеч. о целев. назн. | Книга из коллекции ПолесГУ - Физкультура и Спорт | |
| 852 | x | Примечание, не предназначенное для пользователя | e.lan2023 | |
| 856 | 4_ | u | URL | https://e.lanbook.com/book/343349 |
| z | Примечание для пользователя | Участвует в КО | ||
| 856 | 41 | u | URL | https://e.lanbook.com/img/cover/book/343349.jpg |